000 01074nam a2200313 i 4500
003 EG-GICUC
005 20260426193705.0
008 260426s1964 fr fr|||| 000 0 fre d
040 _aEG-GiCUC
_bfre
_cEG-GiCUC
_dEG-GiCUC
_eRda
041 0 _afre
082 0 4 _221
_a343.31
_bST . P
092 0 4 _221
099 _aLaw1 10 343.31 ST . P 1964
100 1 _aStefani, Gaston
_eAuteur
245 1 0 _aPrécis Dalloz :
_bdroit pénal général et procédure pénale.
_nTome II,
_pProcédure pénale /
_cpar Gaston Stefani, Georges Levasseur
264 1 _aParis :
_bDalloz,
_c1964.
300 _a564 page ;
_c 24 cm.
336 _2rda contenu
_a texte
337 _2rda medias
_aOrdinateur
338 _2 transporteur rda
_a Ressource en ligne
504 _aComprend des références bibliographiques et un index.
546 _aTexte en français
650 1 4 _aLa Procédure Pénale.
_2qrmak
651 1 _2qrmak
700 1 _aLevasseur, Georges
_ePrésident
856 4 0 _uhttps://fll.law.cu.edu.eg/fulltext/bks/B10-10600.pdf
905 _a74
942 _2ddc
_cBK
_e21
_n0
999 _c73499
_d73499